Normal view
MARC view
- Supervised by Dr. Adil Masood Siddique
Entry Personal Name
001 - CONTROL NUMBER
- control field: 132501
003 - CONTROL NUMBER IDENTIFIER
- control field: NUST
005 - DATE AND TIME OF LATEST TRANSACTION
- control field: 20251219142359.0
008 - FIXED-LENGTH DATA ELEMENTS
- fixed length control field: 251219|| aca||aabn | a|a d
040 ## - CATALOGING SOURCE
- Original cataloging agency: NUST
- Transcribing agency: NUST
100 ## - HEADING--PERSONAL NAME
- Personal name: Supervised by Dr. Adil Masood Siddique
670 ## - SOURCE DATA FOUND
- Source citation: Work cat.: (NUST)217257: NC Cheema Muhammad Hamza (TE-48) 132500, Traffic violation detection and notification system /, June-2015
